00465nam a2200121Ia 4500008004100000020001800041100002600059245011000085260002200195650006300217650002200280856004100302171212s9999 xx 000 0 und d a9781921934315 aHempenstall, Peter J. cHempenstall, Peter J.aPacific Islanders Under German RulebA Study in the Meaning of Colonial Resistance bANU E Pressc2016 aColonies -- Oceania; Germany -- Colonies -- Administration aPolitical Science uhttp://jstor.org/stable/j.ctt1dgn5vg